00714ntm a22002777a 450000500170000000800410001702000180005804100080007608200170008410000290010124500590013025000160018926000130020526000190021826000090023730000180024665000180026465000090028265000160029165000160030765000160032365000260033965000240036565000210038965000260041020250925165032.0170320b2016 xxu||||| |||| 00| 0 spa d a9786074485738 aESP a617.6 G245c2 aGarza Garza, Ana María aControl de infecciones y bioseguridad en odontología a2 edición aMéxico bManual Moderno c2016 a251 páginas aODONTOLOGÍA aBOCA aINFECCIONES aTRATAMIENTO aSALUD BUCAL aENFERMEDADES BUCALES  aRESIDUOS PELIGROSOS aESTERILIZACIÓN aPROTECCIÓN PERSONAL